00843nam a22001577a 4500003000900000005001700009008004100026040001300067100003800080245009000118250001100208260002000219300001800239490005700257520037100314IT-RoPau20220918181105.0130514b xxu||||| |||| 00| 0 eng d cIT-RoPau aCentro di Promozione e Formazione a"Abundantes divitiae gratiae suae"bChiave di lettura della nostra storia carismatica a1° ed aRomabSSPc1984 a18 pp.c30 cm aIl Religioso paolino nella sua comunitàv7° Vol. aIndice Fonti e sigle Presentazione 1. Di fronte al carisma: Giornata di rilettura - AD 1-6 2. La giornata dell'incontro nella luce - AD 13 - 22 - 35 3. Il cammino nella luce - AD 43-47; 87-100; 136-158. 4. Le molte ricchezze raccolte da Dio nella Famiglia Paolina7. 5. Un clima di vita: Essere in Cristo 6. Da Don Alberione a noi: Il nostro itinerario spirituale